Southville International School and Colleges
Your cart is empty.
  • Cart
  • Lists
    Public lists Eva Luna New books Lux_list list_1
    Your lists Log in to create your own lists
  • Log in to your account
  • Your cookies
  • Search history
Southville International School and Colleges
  • Advanced search
  • Recent comments
  • Most popular
  • Libraries

Log in to your account

Log in with GOOGLE


If you do not have an external account, but do have a local account, you can still log in:

  1. Home
  2. MARC view: The digital designer's bible :
Normal view MARC view ISBD view

The digital designer's bible : (Record no. 21840)

[ view plain ]
MARC details
000 -LEADER
fixed length control field 00709nam a2200217 a 4500
005 - DATE AND TIME OF LATEST TRANSACTION
control field 20140310183342.0
008 - FIXED-LENGTH DATA ELEMENTS--GENERAL INFORMATION
fixed length control field 070115s19uu xx 00 eng d
020 ## - INTERNATIONAL STANDARD BOOK NUMBER
International Standard Book Number 1-904705-27-8
050 ## - LIBRARY OF CONGRESS CALL NUMBER
Classification number TA 1637
Item number .D574 2004
245 ## - TITLE STATEMENT
Title The digital designer's bible :
Remainder of title the ultimate route map to stress-free best working practice for print and web designers /
260 ## - PUBLICATION, DISTRIBUTION, ETC. (IMPRINT)
Place of publication, distribution, etc United Kingdom :
Name of publisher, distributor, etc The Illex Press Limited,
Date of publication, distribution, etc 2004.
300 ## - PHYSICAL DESCRIPTION
Extent 256 p. :
Other physical details col. ill. ;
Dimensions 33 cm.
521 ## - TARGET AUDIENCE NOTE
Target audience note
650 ## - SUBJECT ADDED ENTRY--TOPICAL TERM
Topical term or geographic name as entry element Image processing
General subdivision Digital technique.
650 ## - SUBJECT ADDED ENTRY--TOPICAL TERM
Topical term or geographic name as entry element Graphic arts.
650 ## - SUBJECT ADDED ENTRY--TOPICAL TERM
Topical term or geographic name as entry element Digital printing.
650 ## - SUBJECT ADDED ENTRY--TOPICAL TERM
Topical term or geographic name as entry element Web sites
General subdivision Design.
650 ## - SUBJECT ADDED ENTRY--TOPICAL TERM
Topical term or geographic name as entry element Computer drawing.
942 ## - ADDED ENTRY ELEMENTS (KOHA)
Koha item type Books
Source of classification or shelving scheme Library of Congress Classification
Call number prefix Foreign
Holdings
Withdrawn status Lost status Source of classification or shelving scheme Damaged status Home library Current library Shelving location Date acquired Source of acquisition Cost, normal purchase price Total Checkouts Full call number Barcode Date last seen Price effective from Koha item type
    Library of Congress Classification   College Library College Library General Circulation Section 08/25/2010   2625.00   TA 1637 .D574 2004 C8027 05/15/2018 10/10/2013 Books

The digital designer's bible :

APA

(2004). The digital designer's bible. United Kingdom: The Illex Press Limited.

Chicago

2004. The digital designer's bible. United Kingdom: The Illex Press Limited.

Harvard

(2004). The digital designer's bible. United Kingdom: The Illex Press Limited.

MLA

The digital designer's bible. United Kingdom: The Illex Press Limited. 2004.

  • Place hold
  • Print
  • Cite
  • Add to your cart (remove)
  • Save record
    BIBTEX Dublin Core MARCXML MARC (non-Unicode/MARC-8) MARC (Unicode/UTF-8) MARC (Unicode/UTF-8, Standard) MODS (XML) RIS
  • More searches
    Search for this title in:
    Other Libraries (WorldCat) Other Databases (Google Scholar) Online Stores (Bookfinder.com) Open Library (openlibrary.org)

Exporting to Dublin Core...

SOUTHVILLE LIBRARY

Southville International School and Colleges Library

1281 Tropical Ave. Cor. Luxembourg St., BF Homes International, Las Pinas City

Tel. No. 8256374 / 252358 Loc. 117/146

Powered by Koha